[Event "85th Masters"]
[Site "Hastings ENG"]
[Date "2010.01.05"]
[Round "9"]
[White "Collins, S IRL."]
[Black "Tozer, Philip"]
[Result "1-0"]
[WhiteElo "2431"]
[BlackElo "2106"]
[PlyCount "71"]
[EventDate "2009.12.28"]

1. e4 e6 2. d4 d5 3. Nd2 Nf6 4. e5 Nfd7 5. Bd3 c5 6. c3 Nc6 7. Ne2 cxd4 8. cxd4
f6 9. Nf4 Nxd4 10. Qh5+ Ke7 11. exf6+ Nxf6 12. Ng6+ hxg6 13. Qxh8 Kf7 14. Qh4
e5 15. Nf3 Nxf3+ 16. gxf3 Bf5 17. Bxf5 gxf5 18. Bg5 Qa5+ 19. Kf1 Be7 20. Kg2 d4
21. Rhg1 Qd5 22. Rac1 Rd8 23. Bxf6 Bxf6 24. Qh5+ g6 25. Qh7+ Bg7 26. Kh1 Qd6
27. f4 Rh8 28. Qxg6+ Qxg6 29. Rc7+ Kf6 30. fxe5+ Kxe5 31. Rxg6 Bf6 32. f4+ Ke6
33. Rxb7 Rd8 34. Rxa7 d3 35. Ra6+ Kd5 36. Raxf6 1-0

[Event "85th Masters"]
[Site "Hastings ENG"]
[Date "2010.01.05"]
[Round "9"]
[White "Mason, D."]
[Black "Horn, St"]
[Result "1/2-1/2"]
[WhiteElo "2255"]
[BlackElo "2074"]
[PlyCount "58"]
[EventDate "2009.12.28"]

1. d4 d5 2. c4 e6 3. Nc3 Nf6 4. cxd5 exd5 5. Bg5 Be7 6. e3 O-O 7. Bd3 c6 8.
Nge2 Nbd7 9. Qc2 Re8 10. O-O Nf8 11. Rad1 Bg4 12. f3 Bh5 13. Ng3 Bg6 14. Nf5
Bxf5 15. Bxf5 Nh5 16. Bxe7 Qxe7 17. Rfe1 Rad8 18. e4 dxe4 19. fxe4 Qg5 20. e5
g6 21. Be4 Ne6 22. d5 cxd5 23. Bxd5 Nef4 24. Bxb7 Rxd1 25. Nxd1 Rxe5 26. Qc8+
Kg7 27. Qc3 f6 28. Qc7+ Kh6 29. Rxe5 fxe5 1/2-1/2

[Event "85th Masters"]
[Site "Hastings ENG"]
[Date "2010.01.05"]
[Round "9"]
[White "Gibson, Ch"]
[Black "Almond, R."]
[Result "0-1"]
[WhiteElo "1964"]
[BlackElo "2174"]
[PlyCount "52"]
[EventDate "2009.12.28"]

1. d4 d5 2. c4 e6 3. Nc3 Nf6 4. Bg5 Be7 5. Nf3 O-O 6. e3 Nbd7 7. Rc1 c6 8. Bd3
dxc4 9. Bxc4 b5 10. Bd3 a6 11. O-O c5 12. e4 cxd4 13. Nxd4 Bb7 14. Bb1 Rc8 15.
Nf3 b4 16. e5 Ng4 17. Bxe7 Qxe7 18. Qd3 g6 19. Ne4 Ngxe5 20. Nxe5 Nxe5 21. Qd4
f6 22. Nc5 Bd5 23. Qxb4 Bc4 24. Rfe1 Rxc5 25. b3 Nf3+ 26. Kh1 Rh5 0-1

[Event "85th Masters"]
[Site "Hastings ENG"]
[Date "2010.01.05"]
[Round "9"]
[White "McKenna, Jas"]
[Black "Wilson, A."]
[Result "1/2-1/2"]
[WhiteElo "2147"]
[BlackElo "2089"]
[PlyCount "98"]
[EventDate "2009.12.28"]

1. e4 e6 2. d4 d5 3. Nc3 Bb4 4. e5 c5 5. a3 Bxc3+ 6. bxc3 Qc7 7. Qg4 Ne7 8.
Qxg7 Rg8 9. Qxh7 cxd4 10. Ne2 dxc3 11. f4 Nbc6 12. Qd3 Nf5 13. Qxc3 d4 14. Qd3
b6 15. Rg1 Qe7 16. g3 Bb7 17. Bg2 O-O-O 18. Be4 Kb8 19. Bd2 f6 20. g4 Ne3 21.
exf6 Qxf6 22. g5 Qh8 23. Bxc6 Bxc6 24. Bxe3 dxe3 25. Qc3 Qh4+ 26. Rg3 Qxh2 27.
Qxe3 Qh1+ 28. Rg1 Qd5 29. Kf2 Rh8 30. Qe5+ Qxe5 31. fxe5 Rdf8+ 32. Ke3 Rf3+ 33.
Kd2 Rd8+ 34. Ke1 Re3 35. Rd1 Rg8 36. Kd2 Rxe5 37. Nd4 Be8 38. Rdf1 Kc7 39. Re1
Kd6 40. Rxe5 Kxe5 41. Ke3 a5 42. c4 Bg6 43. Nf3+ Kd6 44. Rd1+ Ke7 45. Ne5 Be8
46. Kf4 Rf8+ 47. Ke4 Rg8 48. Kf4 Rf8+ 49. Ke4 Rg8 1/2-1/2

[Event "85th Masters"]
[Site "Hastings ENG"]
[Date "2010.01.05"]
[Round "9"]
[White "Kirk, Ez"]
[Black "Brechin, H."]
[Result "1-0"]
[WhiteElo "1919"]
[BlackElo "2025"]
[PlyCount "61"]
[EventDate "2009.12.28"]

1. d4 Nf6 2. c4 e6 3. Nc3 Bb4 4. Qc2 O-O 5. Nf3 d5 6. a3 Bxc3+ 7. Qxc3 c6 8.
Bg5 Ne4 9. Bxd8 Nxc3 10. Bh4 Ne4 11. e3 Nd7 12. Bd3 f5 13. O-O h6 14. b4 b6 15.
Rfc1 Bb7 16. Rc2 Rac8 17. Rac1 Rfe8 18. cxd5 exd5 19. Nd2 g6 20. Nxe4 fxe4 21.
Be2 g5 22. Bg4 Rcd8 23. Bg3 Nf6 24. Be2 b5 25. Be5 Kg7 26. Bxb5 cxb5 27. Rc7+
Kg6 28. Rxb7 Rc8 29. Rbc7 Rxc7 30. Rxc7 Re6 31. Bxf6 1-0

[Event "85th Masters"]
[Site "Hastings ENG"]
[Date "2010.01.05"]
[Round "9"]
[White "Gregory, S."]
[Black "Tarun, Malhotra"]
[Result "1/2-1/2"]
[WhiteElo "2126"]
[BlackElo "1734"]
[PlyCount "68"]
[EventDate "2009.12.28"]

1. e4 c5 2. Nf3 Nc6 3. d4 cxd4 4. Nxd4 Nf6 5. Nc3 e5 6. Ndb5 d6 7. Bg5 a6 8.
Na3 b5 9. Nd5 Be7 10. Bxf6 Bxf6 11. Be2 O-O 12. O-O Bg5 13. c3 g6 14. Nc2 Rb8
15. b4 f5 16. f3 Bd7 17. a4 f4 18. axb5 axb5 19. Kh1 Bh4 20. Qd2 Kg7 21. Rfd1
Bg3 22. Bf1 Qh4 23. h3 Rfd8 24. Ra6 Bf2 25. Na3 Qg3 26. Rxc6 Bxh3 27. Qxf2 Qxf2
28. Nc7 g5 29. Naxb5 Ra8 30. Nxa8 Rxa8 31. Nxd6 Ra2 32. Nf5+ Bxf5 33. exf5 Qh4+
34. Kg1 Qf2+ 1/2-1/2

[Event "85th Masters"]
[Site "Hastings ENG"]
[Date "2010.01.05"]
[Round "9"]
[White "Kirk, J."]
[Black "Norinkeviciute, R."]
[Result "1/2-1/2"]
[WhiteElo "1994"]
[BlackElo "2027"]
[PlyCount "108"]
[EventDate "2009.12.28"]

1. d4 Nf6 2. Nf3 e6 3. c4 b6 4. Nc3 Bb4 5. Qc2 Bb7 6. a3 Bxc3+ 7. Qxc3 Ne4 8.
Qc2 d6 9. Nd2 f5 10. Nxe4 Bxe4 11. Qc3 O-O 12. h4 Nd7 13. Bg5 Qe8 14. f3 Bb7
15. O-O-O e5 16. Be3 Qe7 17. h5 h6 18. Bf2 a5 19. Rg1 Qg5+ 20. Kb1 Qxh5 21. g4
fxg4 22. Rxg4 Nf6 23. Rh4 exd4 24. Qd3 Qg5 25. Rxd4 Nh5 26. Qc3 Rf4 27. R4d2
Rff8 28. Bh3 Qe7 29. Rg1 Nf4 30. Bf1 Rae8 31. Ka1 Bc8 32. e3 Ne6 33. Rg3 a4 34.
e4 Nc5 35. Kb1 Ne6 36. Be3 Nf4 37. Rh2 Rf6 38. Bxf4 Rxf4 39. Rxh6 Qe5 40. Qxe5
Rxe5 41. Rhg6 Re7 42. Kc2 Kh7 43. Bd3 Kg8 44. Kc3 Kf8 45. Bc2 Ref7 46. Bd1 Bd7
47. R6g5 Re7 48. Kd4 Ref7 49. Ke3 R4f6 50. Be2 Rh6 51. f4 Rh1 52. Rg2 Rh3+ 53.
R2g3 Rh1 54. Rg2 Rh3+ 1/2-1/2

[Event "85th Masters"]
[Site "Hastings ENG"]
[Date "2010.01.05"]
[Round "9"]
[White "Haria, R."]
[Black "Jaunooby, A."]
[Result "1/2-1/2"]
[WhiteElo "1840"]
[BlackElo "2171"]
[PlyCount "106"]
[EventDate "2009.12.28"]

1. e4 g6 2. d4 Bg7 3. Nc3 d6 4. Be3 a6 5. Qd2 b5 6. h4 Nf6 7. Bd3 Ng4 8. h5
Nxe3 9. Qxe3 Nc6 10. Nge2 b4 11. h6 Bf8 12. Nb1 e5 13. f4 Be7 14. Nd2 Bf6 15.
dxe5 dxe5 16. O-O-O Qe7 17. Nf3 O-O 18. f5 Nd4 19. Nexd4 exd4 20. Qf4 Re8 21.
Bc4 gxf5 22. e5 Bh8 23. Qg3+ Kf8 24. Ng5 f6 25. Nf7 f4 26. Qxf4 fxe5 27. Nxe5+
Qf6 28. Qxf6+ Bxf6 29. Rdf1 Rxe5 30. Rxf6+ Ke8 31. Rhf1 Bb7 32. Rf8+ Kd7 33.
R1f7+ Kd6 34. Rxa8 Bxa8 35. Rxh7 Bxg2 36. Rh8 Bf3 37. b3 Be4 38. h7 Kc6 39.
Bxa6 Rh5 40. Bd3 Bxd3 41. cxd3 Kc5 42. Kd2 Rh2+ 43. Ke1 Rh1+ 44. Kf2 Rh2+ 45.
Kg3 Rh6 46. Kg4 Rh1 47. Kf5 Rh6 48. Kg5 Rh1 49. Kg6 Rg1+ 50. Kf6 Rh1 51. Ke6 c6
52. Ke5 Re1+ 53. Kf6 Rf1+ 1/2-1/2

[Event "85th Masters"]
[Site "Hastings ENG"]
[Date "2010.01.05"]
[Round "9"]
[White "Barton, A."]
[Black "Safarian, Al"]
[Result "1/2-1/2"]
[WhiteElo "2119"]
[BlackElo "2018"]
[PlyCount "135"]
[EventDate "2009.12.28"]

1. d4 d5 2. Nf3 e6 3. Bf4 c5 4. e3 Nc6 5. c3 Nf6 6. Nbd2 Be7 7. Bd3 O-O 8. Ne5
Ne8 9. h4 f5 10. Ndf3 Nf6 11. Nxc6 bxc6 12. Ne5 Qb6 13. Qb3 Bb7 14. h5 c4 15.
Qxb6 axb6 16. Bc2 c5 17. f3 b5 18. Ke2 b4 19. h6 g6 20. Bg5 Ra5 21. dxc5 bxc3
22. bxc3 Rfa8 23. a4 Ng4 24. c6 Ba6 25. Bxe7 Nxe5 26. c7 Bc8 27. Rab1 Nc6 28.
Bd6 Kf7 29. Rb6 R5a6 30. Rhb1 Ke8 31. a5 Kd7 32. Ba4 Kxd6 33. Bxc6 Rxb6 34.
Rxb6 Rxa5 35. Bxd5+ Kxc7 36. Rc6+ Kd7 37. Rxe6 Rxd5 38. Rxg6 Re5 39. Rf6 Bb7
40. Rf7+ Re7 41. Rxf5 Ke6 42. e4 Rf7 43. Rb5 Bc6 44. Ra5 Rf6 45. Ke3 Rxh6 46.
Rc5 Kd6 47. Rxc4 Rh1 48. g4 h5 49. gxh5 Rxh5 50. Kf4 Bb5 51. Rd4+ Kc5 52. Kg4
Rh1 53. f4 Rc1 54. Rd5+ Kc6 55. Kf5 Rxc3 56. Ke5 Rc5 57. Rxc5+ Kxc5 58. f5 Bd3
59. Kf4 Kd6 60. e5+ Ke7 61. Kg5 Bc4 62. Kg6 Bf7+ 63. Kg7 Bh5 64. e6 Be8 65. Kg8
Kf6 66. Kf8 Bh5 67. e7 Kxf5 68. e8=B 1/2-1/2

[Event "85th Masters"]
[Site "Hastings ENG"]
[Date "2010.01.05"]
[Round "9"]
[White "Calvert, D."]
[Black "Campbell, E."]
[Result "1/2-1/2"]
[WhiteElo "2070"]
[BlackElo "1910"]
[PlyCount "30"]
[EventDate "2009.12.28"]

1. b3 e5 2. Bb2 d6 3. e3 Nf6 4. d4 exd4 5. Qxd4 Nc6 6. Bb5 Bd7 7. Bxc6 Bxc6 8.
Nf3 Be7 9. Nbd2 Qd7 10. O-O O-O 11. Rfe1 Rfe8 12. c4 Bf8 13. Qh4 Ne4 14. Ng5
Nxg5 15. Qxg5 Re6 1/2-1/2

[Event "85th Masters"]
[Site "Hastings ENG"]
[Date "2010.01.05"]
[Round "9"]
[White "Muheim, Sebastian FRA"]
[Black "Yurenok, M."]
[Result "1-0"]
[WhiteElo "2040"]
[BlackElo "1968"]
[PlyCount "93"]
[EventDate "2009.12.28"]

1. d4 d5 2. c4 c6 3. e3 Nf6 4. Nf3 Bf5 5. Nc3 e6 6. Nh4 Bg6 7. Nxg6 hxg6 8. g3
Nbd7 9. Bg2 dxc4 10. Qe2 Nb6 11. O-O Be7 12. Rd1 Qc7 13. e4 e5 14. d5 O-O 15.
a4 cxd5 16. exd5 a6 17. Be3 Nbd7 18. Rac1 Rac8 19. Nb1 Ne8 20. Nd2 b5 21. axb5
axb5 22. Ra1 Nd6 23. Ra7 Qd8 24. Rc1 Ra8 25. Rca1 Rxa7 26. Rxa7 f5 27. h4 Bf6
28. Nf3 Re8 29. Qd2 Nf8 30. Qb4 e4 31. Nd4 Qb8 32. Nc6 Qxa7 33. Bxa7 Nc8 34.
Qxb5 Nxa7 35. Nxa7 Ra8 36. Qb7 Rd8 37. Bf1 Kh8 38. Bxc4 Nd7 39. Nc6 Nc5 40. Qb5
Ra8 41. Qxc5 Bxb2 42. d6 Ra1+ 43. Kg2 Rd1 44. d7 Rxd7 45. Qf8+ Kh7 46. h5 g5
47. Qg8+ 1-0

[Event "85th Masters"]
[Site "Hastings ENG"]
[Date "2010.01.05"]
[Round "9"]
[White "Atako, C."]
[Black "Lenier, J."]
[Result "1/2-1/2"]
[WhiteElo "2037"]
[BlackElo "1828"]
[PlyCount "57"]
[EventDate "2009.12.28"]

1. e4 e5 2. Nf3 Nc6 3. Nc3 Nf6 4. Bb5 Bc5 5. O-O O-O 6. Nxe5 Nxe5 7. d4 Bd6 8.
f4 Nc6 9. e5 Be7 10. d5 Nb4 11. exf6 Bxf6 12. a3 Bxc3 13. bxc3 Nxd5 14. Bd3 Nf6
15. f5 d5 16. Bg5 c5 17. Qf3 c4 18. Be2 h6 19. Bxf6 Qxf6 20. Qxd5 Qxc3 21. Bxc4
Qxc2 22. Bd3 Qc6 23. Qe5 Qf6 24. Qg3 Bd7 25. Kh1 Rac8 26. Rab1 Rcd8 27. Rb4
Rfe8 28. Bb5 Bxf5 29. Rxf5 1/2-1/2

[Event "85th Masters"]
[Site "Hastings ENG"]
[Date "2010.01.05"]
[Round "9"]
[White "Doran, C."]
[Black "Spanton, T."]
[Result "1-0"]
[WhiteElo "1963"]
[BlackElo "2026"]
[PlyCount "149"]
[EventDate "2009.12.28"]

1. e4 c5 2. Nf3 Nc6 3. d4 cxd4 4. Nxd4 g6 5. Nc3 Bg7 6. Be3 Nf6 7. Bc4 Qa5 8.
O-O O-O 9. Bb3 d6 10. h3 Bd7 11. f4 Nxd4 12. Bxd4 Bc6 13. Qd3 Nd7 14. Bxg7 Kxg7
15. Qd4+ Kg8 16. Kh2 Qb6 17. Qd2 Nc5 18. Bd5 Qxb2 19. Rab1 Qa3 20. f5 Rae8 21.
fxg6 hxg6 22. Rf4 Kg7 23. Rbf1 Bxd5 24. Nxd5 Qb2 25. Nc3 Ne6 26. Rh4 Rh8 27.
Rxh8 Rxh8 28. Rb1 Qa3 29. Rxb7 Qa5 30. Rb5 Qc7 31. Nd5 Qd7 32. Qc3+ f6 33. Qb4
Nc5 34. Ra5 Rh4 35. Nc3 a6 36. Qd4 Qc7 37. g3 Rxh3+ 38. Kxh3 Qxa5 39. Qc4 Qc7
40. Kg2 Qd7 41. Nd5 Qe6 42. Kf3 Qe5 43. Nf4 e6 44. g4 Kh6 45. Qb4 g5 46. Ne2 d5
47. exd5 Qxd5+ 48. Kf2 Ne4+ 49. Ke3 Nd6 50. Kf2 Kg6 51. Ng3 a5 52. Qb8 e5 53.
Qb3 Qd4+ 54. Kg2 Qc4 55. Qxc4 Nxc4 56. Kf3 Na3 57. c3 Nb5 58. c4 Nd4+ 59. Ke4
Kf7 60. Kd5 Ke7 61. c5 Nc2 62. Kc6 Nb4+ 63. Kb7 Kd7 64. a4 Nc6 65. Ne4 Nd8+ 66.
Kb6 Ke6 67. c6 Nxc6 68. Kxc6 f5 69. Nxg5+ Kf6 70. Nh7+ Kg7 71. gxf5 e4 72. Ng5
e3 73. Ne6+ Kf6 74. Nd4 Ke5 75. Kc5 1-0

[Event "85th Masters"]
[Site "Hastings ENG"]
[Date "2010.01.05"]
[Round "9"]
[White "Young, M."]
[Black "Devoille, Hugo"]
[Result "1-0"]
[WhiteElo "1971"]
[BlackElo "1691"]
[PlyCount "31"]
[EventDate "2009.12.28"]

1. e4 c5 2. Nc3 e6 3. f4 Nc6 4. Nf3 d5 5. Bb5 a6 6. Bxc6+ bxc6 7. d3 Nf6 8. O-O
Be7 9. b3 a5 10. Qe1 Ba6 11. f5 dxe4 12. Nxe4 exf5 13. Nxf6+ gxf6 14. Bb2 O-O
15. Qh4 Bc8 16. Qh6 1-0

[Event "85th Masters"]
[Site "Hastings ENG"]
[Date "2010.01.05"]
[Round "9"]
[White "Dean, Michael"]
[Black "Cumming, R."]
[Result "0-1"]
[WhiteElo "1718"]
[BlackElo "1969"]
[PlyCount "70"]
[EventDate "2009.12.28"]

1. e4 c5 2. Nf3 Nc6 3. d4 cxd4 4. Nxd4 g6 5. Be3 Bg7 6. Nc3 Nf6 7. h3 O-O 8.
Be2 d5 9. exd5 Nxd5 10. Nxd5 Qxd5 11. Bf3 Qa5+ 12. c3 Nxd4 13. Bxd4 Rd8 14. O-O
e5 15. Qe2 exd4 16. cxd4 Bxd4 17. Rad1 Qb6 18. b3 Bf5 19. g4 Be6 20. Rde1 Qd6
21. Bxb7 Qg3+ 22. Kh1 Qxh3+ 23. Kg1 Bxg4 24. Qe4 Rab8 25. Bc6 Bf5 26. Qe2 Bd3
27. Bg2 Bxe2 28. Bxh3 Bxf1 29. Bxf1 Rd5 30. Bc4 Rg5+ 31. Kf1 Rf5 32. Re2 Rb6
33. Bd3 Rf4 34. Be4 Re6 35. f3 Rexe4 0-1

[Event "85th Masters"]
[Site "Hastings ENG"]
[Date "2010.01.05"]
[Round "9"]
[White "Moore, Gi"]
[Black "Macrae, J."]
[Result "0-1"]
[WhiteElo "1901"]
[BlackElo "1752"]
[PlyCount "62"]
[EventDate "2009.12.28"]

1. d4 b6 2. c4 Bb7 3. Nf3 e6 4. a3 a5 5. Nc3 Nf6 6. Qc2 Be7 7. e4 d5 8. cxd5
exd5 9. e5 Ne4 10. Bd3 Nxc3 11. bxc3 h6 12. O-O Ba6 13. Re1 Bxd3 14. Qxd3 O-O
15. Bf4 Nc6 16. a4 Qd7 17. h3 Nd8 18. Nh2 Ne6 19. Bc1 Bg5 20. Bxg5 Nxg5 21. Ng4
h5 22. Ne3 Ne6 23. Qf5 g6 24. Qf3 c6 25. g4 Ng5 26. Qg2 hxg4 27. Nxg4 Kg7 28.
Re3 Rh8 29. f4 Ne4 30. Rf1 Qf5 31. Ref3 Rh4 0-1